000 00664nam a22002417a 4500
003 UA-OsUOA
001 74351
007 ta
008 20110405b un ||||| |||| 00| 0 ukr d
100 _aМирский Р.Я.
700 _aНайман А.Я.
090 _a929(=411.16)
_bМ64
942 _cBK
040 _aUA-OsUOA
_brus
_cUA-OsUOA
_dUA-OsUOA
245 _aЗнаменитые евреи Украины
300 _a96 с.
955 _a2
041 _arus
080 _a929(=411.16)
260 _bАкад. ист. и культ. евреев
_c2009
650 7 _a9 Географія. Біографії. Історія
_2UDC
999 _c360641
_d360641